000 00953nam a2200253Ia 4500
003 OSt
005 20221005105002.0
006 a|||||r|||| 00| 0
007 ta
008 221004b |||||||| |||| 00| 0 hin d
020 _a818599997X (hbk)
_c550
024 _a101068
037 _b369, 04/03/2010, Swaraj Prakashan
_cTextual
040 _aCRL
_cCRL
_bhin
041 _2hin
_ahin
082 _aO152,6NPAx, P7
100 _aपाण्डेय, रत्नाकर
245 0 _aबनारस जिंदा है
_b भारतेंदु से रूद्र तक
246 _aBanāras jiandā hai: bhārateandu se rūdra taka
260 _aदिल्ली
_bस्वराज प्रकाशन भारत
_c2007
300 _a271पृ0
_ccm.
942 _hO152,6NPAx, P7
_cTEXL
_2cc
999 _c1014388
_d1014388